000 01049cam a2200313 a 4500
001 15929903
003 OSt
005 20251211141343.0
008 091001s2010 ilu 001 0 eng
010 _a 2009040500
020 _a9781433511769
_qhc
035 _a15929903
040 _aDLC
_cDLC
_dDLC
050 0 0 _aBV835
_b.T75 2010
082 0 0 _a248.8/44
_222
100 1 _aTripp, Paul David,
_d1950-
245 1 0 _aWhat did you expect? :
_bredeeming the realities of marriage /
_cPaul David Tripp.
260 _aWheaton, Ill. :
_bCrossway Books,
_cc2010.
300 _a287 p. ;
_c22 cm.
336 _atext
_btxt
_2rdacontent
337 _aunmediated
_bn
_2rdamedia
338 _avolume
_bnc
_2rdacarrier
500 _aIncludes index.
650 0 _aMarriage
_xReligious aspects
_xChristianity.
906 _a7
_bcbc
_corignew
_d1
_eecip
_f20
_gy-gencatlg
942 _2lcc
_cBK
999 _c21037
_d21036